City by the Sea Tile Select Quiz - Statistics

General Stats
  • This quiz has been taken 36 times
  • The average score is 48 of 80
Answer Stats
Question Tile Select % Correct
cities by the Baltic Sea Minsk No
94%
cities by the Baltic Sea Hamburg No
90%
cities by the Baltic Sea Stockholm Yes
90%
cities by the Baltic Sea Copenhagen Yes
87%
cities by the Baltic Sea Tallinn Yes
87%
cities by the Baltic Sea Bergen No
84%
cities by the Baltic Sea Helsinki Yes
84%
cities by the Baltic Sea Kaliningrad Yes
84%
cities by the Persian Gulf Riyadh No
84%
cities by the Baltic Sea St Petersburg Yes
84%
cities by the Baltic Sea Vilnius No
84%
cities by the Persian Gulf Baghdad No
81%
cities by the Persian Gulf Damascus No
81%
cities by the Baltic Sea Gdansk Yes
81%
cities by the Baltic Sea Kaunas No
81%
cities by the Baltic Sea Riga Yes
81%
cities by the Adriatic Sea Catania No
77%
cities by the Persian Gulf Karachi No
77%
cities by the Caribbean Sea Kingston Yes
77%
cities by the Persian Gulf Mecca No
77%
cities by the Persian Gulf Tehran No
77%
cities by the Persian Gulf Aden No
74%
cities by the Adriatic Sea Athens No
74%
cities by the Adriatic Sea Genoa No
74%
cities by the Persian Gulf Jeddah No
74%
cities by the Caribbean Sea Miami No
74%
cities by the Adriatic Sea Naples No
74%
cities by the Adriatic Sea Skopje No
74%
cities by the Adriatic Sea Zagreb No
74%
cities by the Persian Gulf Doha Yes
71%
cities by the Persian Gulf Dubai Yes
71%
cities by the Persian Gulf Kuwait City Yes
71%
cities by the Baltic Sea Malmö Yes
71%
cities by the Baltic Sea Oslo No
71%
cities by the Persian Gulf Muscat No
68%
cities by the Caribbean Sea Port-au-Prince Yes
68%
cities by the Adriatic Sea Split Yes
68%
cities by the Adriatic Sea Trieste Yes
68%
cities by the Persian Gulf Abu Dhabi Yes
65%
cities by the Adriatic Sea Dubrovnik Yes
65%
cities by the Caribbean Sea Santo Domingo Yes
65%
cities by the Caribbean Sea Cancún Yes
61%
cities by the South China Sea Davao No
61%
cities by the South China Sea Hong Kong Yes
61%
cities by the Adriatic Sea Venice Yes
61%
cities by the Caribbean Sea Barranquilla Yes
55%
cities by the Persian Gulf Basra No
55%
cities by the Baltic Sea Gothenburg No
55%
cities by the South China Sea Ho Chi Minh City Yes
55%
cities by the South China Sea Jakarta No
55%
cities by the Persian Gulf Manama Yes
55%
cities by the Caribbean Sea Nassau No
55%
cities by the South China Sea Manila Yes
52%
cities by the South China Sea Phnom Penh No
52%
cities by the Caribbean Sea Port of Spain Yes
52%
cities by the Adriatic Sea Bari Yes
48%
cities by the Caribbean Sea Belize City Yes
48%
cities by the Caribbean Sea Bridgetown Yes
48%
cities by the Adriatic Sea Podgorica No
48%
cities by the South China Sea Shanghai No
48%
cities by the South China Sea Shenzhen Yes
48%
cities by the South China Sea Kuala Lumpur No
45%
cities by the South China Sea Taipei No
45%
cities by the Caribbean Sea Maracaibo Yes
42%
cities by the Caribbean Sea Cartagena Yes
39%
cities by the Persian Gulf Dammam Yes
39%
cities by the Adriatic Sea Durrës Yes
39%
cities by the South China Sea Hanoi No
39%
cities by the Caribbean Sea Panama City No
39%
cities by the Caribbean Sea San Juan No
39%
cities by the Adriatic Sea Tirana No
39%
cities by the Caribbean Sea Caracas No
35%
cities by the Adriatic Sea Zadar Yes
35%
cities by the South China Sea Danang Yes
29%
cities by the South China Sea Haikou Yes
26%
cities by the Caribbean Sea Havana No
26%
cities by the Adriatic Sea Kotor Yes
23%
cities by the South China Sea Kota Kinabalu Yes
16%
cities by the South China Sea Shantou Yes
16%
cities by the South China Sea Kuching Yes
10%
No matching quizzes found
Score Distribution
Percent of People with Each Score
Percentile by Number Answered
Your Score History
You have not taken this quiz